The ... Survey of grant-making foundations with assets of over $500,000 /

Bibliographic Details
New Title:Survey of grant-making foundations with assets of over $500,000 or grants of over $25,000
Corporate Author: Public Service Materials Center
Format: Serial
Language:English
Published: New York, N.Y. : The Center, ©1970.
Subjects:

MARC

Tag First Indicator Second Indicator Subfields
LEADER 00000cas a2200000 a 4500
001 in00000090308
005 20190122114927.0
008 800107d19711971nyuuu r 0 a0eng c
010 |a sf 91092325  
035 |a (OCoLC)ocm05850397 
035 |a (OCoLC)5850397 
040 |a NOC  |b eng  |c NOC  |d OCL  |d NST  |d DLC  |d OCLCQ  |d OCLCF  |d WIC  |d OCLCO  |d OCLCQ  |d UtOrBLW 
042 |a pcc 
043 |a n-us--- 
049 |a TXAM 
050 0 0 |a WMLC 91/274 
090 |a AS911.A2  |b P8 
245 0 7 |a The ... Survey of grant-making foundations with assets of over $500,000 /  |c compiled by Public Service Materials Center. 
264 1 |a New York, N.Y. :  |b The Center,  |c ©1970. 
300 |a 1 volume ;  |c 23 cm 
336 |a text  |b txt  |2 rdacontent 
337 |a unmediated  |b n  |2 rdamedia 
338 |a volume  |b nc  |2 rdacarrier 
362 0 |a 1970/1971. 
650 0 |a Endowments  |z United States  |v Directories.  |0 http://id.loc.gov/authorities/subjects/sh2008103038 
650 2 |a Foundations.  |0 https://id.nlm.nih.gov/mesh/D005582 
655 2 |a Directory.  |0 https://id.nlm.nih.gov/mesh/D016435 
650 7 |a Endowments.  |2 fast  |0 (OCoLC)fst00909854 
651 7 |a United States.  |2 fast  |0 (OCoLC)fst01204155 
655 7 |a Directories.  |2 fast  |0 (OCoLC)fst01423796 
710 2 |a Public Service Materials Center.  |0 http://id.loc.gov/authorities/names/n79011063 
785 0 0 |t Survey of grant-making foundations with assets of over $500,000 or grants of over $25,000  |w (DLC)sn 88014251  |w (OCoLC)3907322 
850 |a DLC 
994 |a C0  |b TXA 
999 f f |s 061fe260-9dcf-3e06-b914-5ac859f7f9b2  |i 26700654-f71e-3b92-91b3-1baa8c5c21f6  |t 0 
952 f f |p ric  |a Texas A&M University  |b Rellis Campus  |c Joint Library Facility  |d Remote Storage  |t 0  |e AS911.A2 P8  |h Library of Congress classification  |i unmediated -- volume  |k 1970/1971  |m A14807014968 
998 f f |a AS911.A2 P8  |s 1970/1971  |t 0  |l Remote Storage